000
00245nam a2200097Ia 4500
008
190216s9999||||xx |||||||||||||| ||und||
100
_a
Prof.Vasudev
245
0
_a
Hindi-Hindi Kahani Aur Kahankar
260
_b
Mac Millian And Com. Ltd
942
_c
BK
999
_c
17515
_d
17515